000 01377nam a22003497a 4500
001 000597
003 DO-SdBPM
005 20260313093950.0
007 ta
008 161025b1998 sp a |||| 00| 0 spa d
020 _a8434824728
040 _aDO-SdBPM
_bspa
_cBPMSU
_erda
082 0 4 _a813.54
_b T137c 1990
_222
100 1 _aTalbert, Marc
_d1948-
_eautor
_4aut.
245 1 0 _aCanción de pájaros muertos /
_cMarc Talbert ; traducción del inglés, José Enrique Cubedo ; ilustraciones, Antonio Tello] [Texto impreso.
250 _a3a ed.
264 _aMadrid :
_bSM,
_c1990
300 _a175 páginas :
_bilustraciones ;
_c19 cm.
336 _atexto
_btxt
_2rdacontant
337 _asin mediación
_bn
_2rdamediación
338 _avolumen
_bn
_2rdacarrier
490 0 _aEl barco de vapor,
_v152
500 _aTraducción de: Dead birds singing
520 _aDespués de un accidente automovilístico causado por un conductor ebrio, mata a su madre y hiere gravemente a su hermana, lucha por manejar su pérdida y su rabia mientras vive con la familia de su mejor amigo.
590 _aInventariado, 2026/VM
650 7 _aNovela juvenil estadounidense
650 7 _aHuérfanos
_vNovela juvenil
700 1 _aCubedo, José Enrique,,
_etraductor
700 1 _aTello, Antonio,
_e1951-
910 _aVMateo V. Control de calidad. BPMSU
942 _2ddc
_cBK
999 _c11677
_d11677